| 000 | 00606nam a2200181 4500 | ||
|---|---|---|---|
| 001 | 120422 | ||
| 003 | ES-MaACL | ||
| 005 | 20230906191540.0 | ||
| 007 | t| | ||
| 008 | 070214s1969 sp r ||||1| spa d | ||
| 100 | 1 |
_aPoiani, Mario. _992750 |
|
| 245 | 1 | 0 |
_aOraganización de la industria textil / _cpor Mario Poiani ; introducción de Franco Testore ; traducción de Manuel Poblete. |
| 260 |
_aMadrid : _bIbérico Europea de Ed., _c1969. |
||
| 300 |
_a266 p. : _bil. ; _c22 cm. |
||
| 700 | 1 |
_aTestore, Franco. _9109840 |
|
| 700 | 1 |
_aPoblete Ruiz, Manuel. _992692 |
|
| 852 |
_aES-MaACL _jC-47922 _bR.72006 |
||
| 999 |
_c120422 _d120422 |
||